[Event "Wch Seniors 65 31st"]
[Site "Terassini"]
[Date "2023.11.02"]
[Round "8"]
[White "Frick, Christoph"]
[Black "Van Riemsdijk, Herman Claudius"]
[Result "1-0"]
[WhiteElo "2113"]
[BlackElo "2257"]
[PlyCount "69"]
[EventDate "2023.10.25"]
[EventType "swiss"]
[EventRounds "11"]
[EventCountry "ITA"]
[SourceTitle "Mega2024 Update 01"]
[Source "Chessbase"]
[SourceDate "2023.11.12"]
[SourceVersion "1"]
[SourceVersionDate "2023.11.12"]
[SourceQuality "1"]

1. d4 Nf6 2. Bf4 g6 3. Nc3 d5 4. e3 Bg7 5. h4 a6 6. Be2 h6 7. Nf3 Nbd7 8. Ne5 c6 9. Qd2 Nxe5 10. Bxe5 b5 11. f3 h5 12. Nd1 Kf8 13. Nf2 Nd7 14. Bxg7+ Kxg7 15. 0-0-0 Nb6 16. Rdg1 e6 17. e4 Ra7 18. g4 hxg4 19. Rxg4 e5 20. Rg5 f6 21. Rg2 dxe4 22. Rhg1 Rh6 23. h5 e3 24. Rxg6+ Rxg6 25. Rxg6+ Kf7 26. Qxe3 Qxd4 27. Qh6 Qf4+ 28. Qxf4 exf4 29. Ne4 Be6 30. Rxf6+ Ke7 31. Rxf4 Nd5 32. Rh4 Kf8 33. h6 Kg8 34. Bd3 Kh8 35. Ng5 1-0

[Event "Wch Seniors 65 31st"]
[Site "Terassini"]
[Date "2023.11.01"]
[Round "7"]
[White "Van Riemsdijk, Herman Claudius"]
[Black "Giacomini, Hector"]
[Result "1/2-1/2"]
[WhiteElo "2257"]
[BlackElo "2127"]
[PlyCount "43"]
[EventDate "2023.10.25"]
[EventType "swiss"]
[EventRounds "11"]
[EventCountry "ITA"]
[SourceTitle "Mega2024 Update 01"]
[Source "Chessbase"]
[SourceDate "2023.11.12"]
[SourceVersion "1"]
[SourceVersionDate "2023.11.12"]
[SourceQuality "1"]

1. e4 c6 2. d4 d5 3. exd5 cxd5 4. c4 Nf6 5. Nc3 e6 6. Nf3 Be7 7. cxd5 Nxd5 8. Bd3 Nc6 9. 0-0 0-0 10. Re1 Nf6 11. a3 b6 12. Bc2 Ba6 13. b4 Bc4 14. Bb2 Rc8 15. Rc1 Qd6 16. Ne2 b5 17. Bd3 Bxd3 18. Qxd3 a6 19. Ng3 Rfd8 20. Rc2 Bf8 21. Rec1 Ne7 22. Ne4 1/2-1/2

[Event "Caioba op 7th"]
[Site "Caioba"]
[Date "2023.06.21"]
[Round "5"]
[White "Pereira, Silvio Cunha"]
[Black "Van Riemsdijk, Herman Claudius"]
[Result "1/2-1/2"]
[WhiteElo "2123"]
[BlackElo "2260"]
[PlyCount "22"]
[EventDate "2023.06.18"]
[EventType "swiss"]
[EventRounds "9"]
[EventCountry "BRA"]
[SourceTitle "CBM 214 Extra"]
[Source "ChessBase"]
[SourceDate "2023.07.31"]
[SourceVersion "1"]
[SourceVersionDate "2023.07.31"]
[SourceQuality "1"]

1. e4 e5 2. Nf3 Nc6 3. Bb5 a6 4. Ba4 Nf6 5. 0-0 Be7 6. Qe2 b5 7. Bb3 d6 8. c3 0-0 9. d4 Bg4 10. Rd1 exd4 11. cxd4 d5 1/2-1/2

[Event "Caioba op 7th"]
[Site "Caioba"]
[Date "2023.06.19"]
[Round "3"]
[White "Fier, Alexandr"]
[Black "Van Riemsdijk, Herman Claudius"]
[Result "1-0"]
[WhiteElo "2604"]
[BlackElo "2260"]
[PlyCount "77"]
[EventDate "2023.06.18"]
[EventType "swiss"]
[EventRounds "9"]
[EventCountry "BRA"]
[SourceTitle "CBM 214 Extra"]
[Source "ChessBase"]
[SourceDate "2023.07.31"]
[SourceVersion "1"]
[SourceVersionDate "2023.07.31"]
[SourceQuality "1"]

1. c4 e6 2. Nf3 d5 3. d4 Nf6 4. Nc3 Bb4 5. Qa4+ Nc6 6. e3 0-0 7. Qc2 Re8 8. Bd2 Bf8 9. Rd1 b6 10. a3 Bb7 11. cxd5 exd5 12. Bd3 a6 13. 0-0 Qd6 14. b4 g6 15. Rc1 b5 16. Ne2 Nd7 17. Ng3 f5 18. a4 bxa4 19. Qxa4 Nd8 20. Rc2 Nf7 21. Rfc1 Rec8 22. Qa5 c6 23. Qa1 Bg7 24. Ra2 Nb8 25. Ne2 Rc7 26. Nf4 Bc8 27. b5 Nd7 28. Ba5 c5 29. Bxc7 Qxc7 30. Nxd5 Qd6 31. Bc4 Bb7 32. Nf4 cxd4 33. Bxf7+ Kxf7 34. Ng5+ Kg8 35. Rxa6 Rxa6 36. bxa6 Qxa6 37. Qb2 h6 38. Nge6 Bf6 39. Qb3 1-0

[Event "Paulista-chTA"]
[Site "Sao Paulo"]
[Date "2023.03.05"]
[Round "5"]
[White "De Oliveira, Guilherme Martins"]
[Black "Van Riemsdijk, Herman Claudius"]
[Result "1/2-1/2"]
[WhiteElo "1865"]
[BlackElo "2260"]
[PlyCount "31"]
[EventDate "2023.03.03"]
[EventType "team-tourn"]
[EventRounds "5"]
[EventCountry "BRA"]
[SourceTitle "CBM 213 Extra"]
[Source "ChessBase"]
[SourceDate "2023.05.31"]
[SourceVersion "1"]
[SourceVersionDate "2023.05.31"]
[SourceQuality "1"]
[WhiteTeam "PMFC"]
[BlackTeam "Kiin Meijin"]
[WhiteTeamCountry "BRA"]
[BlackTeamCountry "BRA"]

1. c4 e6 2. g3 d5 3. Bg2 Nf6 4. Nf3 Be7 5. 0-0 0-0 6. b3 d4 7. e3 c5 8. exd4 cxd4 9. d3 Nc6 10. Re1 Nd7 11. a3 a5 12. Nbd2 Nc5 13. Ne4 Nxe4 14. Rxe4 f6 15. h4 e5 16. h5 1/2-1/2

[Event "Paulista-chTA"]
[Site "Sao Paulo"]
[Date "2023.03.04"]
[Round "3"]
[White "Van Riemsdijk, Herman Claudius"]
[Black "Camargo, Thiers"]
[Result "1-0"]
[WhiteElo "2260"]
[BlackElo "2000"]
[PlyCount "74"]
[EventDate "2023.03.03"]
[EventType "team-tourn"]
[EventRounds "5"]
[EventCountry "BRA"]
[SourceTitle "CBM 213 Extra"]
[Source "ChessBase"]
[SourceDate "2023.05.31"]
[SourceVersion "1"]
[SourceVersionDate "2023.05.31"]
[SourceQuality "1"]
[WhiteTeam "Kiin Meijin"]
[BlackTeam "Osasco II"]
[WhiteTeamCountry "BRA"]
[BlackTeamCountry "BRA"]

1. e4 c6 2. d4 d5 3. Nc3 dxe4 4. Nxe4 Bf5 5. Ng3 Bg6 6. f4 e6 7. Nf3 Nd7 8. Bd3 Bxd3 9. Qxd3 Ngf6 10. f5 Bd6 11. fxe6 Bxg3+ 12. hxg3 fxe6 13. Bd2 0-0 14. Ng5 h6 15. Nf3 Rf7 16. 0-0-0 Qc7 17. Bf4 Qa5 18. Kb1 Qf5 19. Qb3 Nd5 20. Qxb7 N7b6 21. Qa6 Nxf4 22. gxf4 Qxf4 23. Ne5 Rc7 24. Rhf1 Qg5 25. Qe2 Rb8 26. Rf3 Nd5 27. Rdf1 c5 28. dxc5 Re8 29. c6 Ne7 30. Nf7 Qg6 31. Ne5 Qg5 32. Qe4 Rec8 33. Rc3 Nd5 34. Rd3 Ne7 35. Rd6 Nxc6 36. Rxc6 Rxc6 37. Nxc6 Kh8 1-0

[Event "Auckland Wade Masters"]
[Site "Auckland"]
[Date "2023.01.20"]
[Round "9"]
[White "Stark, John"]
[Black "Van Riemsdijk, Herman Claudius"]
[Result "0-1"]
[WhiteElo "2009"]
[BlackElo "2265"]
[PlyCount "59"]
[EventDate "2023.01.14"]
[EventType "tourn"]
[EventRounds "9"]
[EventCountry "NZL"]
[SourceTitle "CBM 212 Extra"]
[Source "ChessBase"]
[SourceDate "2023.03.31"]
[SourceVersion "1"]
[SourceVersionDate "2023.03.31"]
[SourceQuality "1"]

1. e4 e5 2. Nf3 Nc6 3. Bc4 Nf6 4. 0-0 Nxe4 5. Re1 d5 6. Bb5 Bc5 7. d4 exd4 8. Ng5 0-0 9. Nxe4 dxe4 10. Rxe4 Qf6 11. Qh5 Bf5 12. Rf4 g6 13. Qh6 Rfe8 14. Bd2 Bf8 15. Qh3 Qe5 16. Rxf5 Qxf5 17. Qb3 Qc5 18. Na3 a6 19. Bf1 b5 20. Rd1 Qh5 21. Rc1 Ne5 22. c3 Bd6 23. h3 d3 24. Qd5 Rad8 25. g4 Qh4 26. Qg2 Bxa3 27. bxa3 Qf6 28. f4 Nc4 29. Rd1 c5 30. Bc1 0-1

[Event "NZL-ch op-A 130th"]
[Site "Wellington"]
[Date "2023.01.08"]
[Round "7"]
[White "Van Riemsdijk, Herman Claudius"]
[Black "McLaren, Leonard"]
[Result "1/2-1/2"]
[WhiteElo "2265"]
[BlackElo "2101"]
[PlyCount "82"]
[EventDate "2023.01.02"]
[EventType "swiss"]
[EventRounds "9"]
[EventCountry "NZL"]
[SourceTitle "CBM 212 Extra"]
[Source "ChessBase"]
[SourceDate "2023.03.31"]
[SourceVersion "1"]
[SourceVersionDate "2023.03.31"]
[SourceQuality "1"]

1. e4 c5 2. Nf3 Nc6 3. d4 cxd4 4. Nxd4 e5 5. Nb5 d6 6. c4 g6 7. N1c3 a6 8. Na3 Bg7 9. Be3 Nf6 10. f3 0-0 11. Qd2 Be6 12. 0-0-0 Nd4 13. Ne2 Rc8 14. Nxd4 exd4 15. Bxd4 b5 16. Bc3 bxc4 17. Qxd6 Nd7 18. Bxg7 Kxg7 19. Qd4+ Kg8 20. Qc3 Qg5+ 21. Kb1 Nb6 22. Qc2 Qa5 23. Qc3 Qc5 24. Nc2 Na4 25. Qa3 Qxa3 26. Nxa3 Rb8 27. Ka1 Rxb2 28. Nxc4 Rc2 29. Bd3 Rxg2 30. Rdg1 Rxg1+ 31. Rxg1 Rd8 32. Ne5 Nc5 33. Bc4 Rd2 34. Rc1 Rxh2 35. Bd5 Nd7 36. Rc8+ Kg7 37. Nxd7 Bxd7 38. Rc7 Be8 39. Rc8 Bb5 40. Rc7 Be8 41. Rc8 Bb5 1/2-1/2

[Event "NZL-ch op-A 130th"]
[Site "Wellington"]
[Date "2023.01.05"]
[Round "4"]
[White "Shoker, Samy"]
[Black "Van Riemsdijk, Herman Claudius"]
[Result "1/2-1/2"]
[WhiteElo "2491"]
[BlackElo "2265"]
[PlyCount "59"]
[EventDate "2023.01.02"]
[EventType "swiss"]
[EventRounds "9"]
[EventCountry "NZL"]
[SourceTitle "CBM 212 Extra"]
[Source "ChessBase"]
[SourceDate "2023.03.31"]
[SourceVersion "1"]
[SourceVersionDate "2023.03.31"]
[SourceQuality "1"]

1. Nf3 d5 2. g3 g6 3. Bg2 Bg7 4. 0-0 e5 5. c4 dxc4 6. Qa4+ Nc6 7. Qxc4 Nge7 8. d3 0-0 9. Nc3 Nd4 10. Nxd4 exd4 11. Ne4 Be6 12. Qc2 b6 13. Bg5 f6 14. Bf4 Rc8 15. Rfc1 Qd7 16. Bd2 h6 17. Be1 c5 18. a4 Bd5 19. a5 f5 20. axb6 axb6 21. Nd2 Bxg2 22. Kxg2 Nd5 23. Qb3 Rce8 24. Nc4 Re6 25. e4 dxe3 26. Nxe3 Nxe3+ 27. fxe3 Kh7 28. Ra7 Qxa7 29. Qxe6 Qb7+ 30. Kg1 1/2-1/2

[Event "NZL-ch rapid op 130th"]
[Site "Wellington"]
[Date "2023.01.04"]
[Round "1"]
[White "Hwang, Ryan"]
[Black "Van Riemsdijk, Herman Claudius"]
[Result "0-1"]
[WhiteElo "1428"]
[BlackElo "2265"]
[PlyCount "98"]
[EventDate "2023.01.04"]
[EventType "swiss (rapid)"]
[EventRounds "9"]
[EventCountry "NZL"]
[SourceTitle "CBM 212 Extra"]
[Source "ChessBase"]
[SourceDate "2023.03.31"]
[SourceVersion "1"]
[SourceVersionDate "2023.03.31"]
[SourceQuality "1"]

1. e4 e5 2. Nf3 Nc6 3. Bc4 Nf6 4. d3 Be7 5. Nc3 0-0 6. Bd2 d6 7. h3 Na5 8. Bb3 Nxb3 9. axb3 Re8 10. 0-0 c6 11. Re1 Qc7 12. Qe2 Bf8 13. Bg5 Nd7 14. Qd2 a6 15. d4 exd4 16. Nxd4 Ne5 17. f4 Ng6 18. Nf3 f6 19. f5 Ne5 20. Bf4 Bd7 21. Rad1 Rad8 22. Nxe5 dxe5 23. Be3 Bxf5 24. Qf2 Rxd1 25. Rxd1 Be6 26. Kh2 Qf7 27. Na4 g6 28. Bc5 Bg7 29. Qd2 f5 30. Be3 f4 31. Bf2 g5 32. Nc5 Bc8 33. Qb4 b5 34. Qa5 g4 35. hxg4 Bxg4 36. Rd8 f3 37. Rxe8+ Qxe8 38. Qc3 Qg6 39. Qd2 fxg2 40. Qd8+ Bf8 41. Kxg2 Be2+ 42. Bg3 h6 43. Qd2 Qh5 44. Ne6 Bf3+ 45. Kf1 Qh1+ 46. Kf2 Qg2+ 47. Ke3 Qxg3 48. Nxf8 Qf4+ 49. Kd3 Bxe4+ 0-1

[Event "NZL-ch op 127th"]
[Site "Tauranga"]
[Date "2020.01.16"]
[Round "3"]
[White "Van Riemsdijk, Herman Claudius"]
[Black "Johansen, Darryl Keith"]
[Result "1/2-1/2"]
[WhiteElo "2260"]
[BlackElo "2371"]
[PlyCount "144"]
[EventDate "2020.01.14"]
[EventType "swiss"]
[EventRounds "9"]
[EventCountry "NZL"]
[SourceTitle "CBM 194 Extra"]
[Source "ChessBase"]
[SourceDate "2020.03.31"]
[SourceVersion "1"]
[SourceVersionDate "2020.03.31"]
[SourceQuality "1"]

1. e4 c5 2. Nf3 d6 3. d4 cxd4 4. Nxd4 Nf6 5. Nc3 Nc6 6. Bc4 Qb6 7. Nxc6 bxc6 8. 0-0 g6 9. Qe2 Bg7 10. a4 a5 11. Ra3 0-0 12. Be3 Qc7 13. h3 Nxe4 14. Nxe4 d5 15. Bd3 dxe4 16. Bxe4 Ba6 17. Bd3 Bxb2 18. Rb3 Bxd3 19. Qxd3 Rfb8 20. Rxb8+ Rxb8 21. Rd1 h5 22. g3 Be5 23. Bc5 Bf6 24. Qd7 Qxd7 25. Rxd7 Rb1+ 26. Kg2 Ra1 27. Bxe7 Bxe7 28. Rxe7 Rxa4 29. Ra7 Kg7 30. Ra6 Rc4 31. Rxa5 Rxc2 32. h4 Kf6 33. Kf3 Ke6 34. Ke3 Rc3+ 35. Ke2 f6 36. Ra8 Rc5 37. Rc8 g5 38. hxg5 fxg5 39. Rh8 Re5+ 40. Kd3 g4 41. Rh6+ Kd5 42. Rf6 c5 43. f3 c4+ 44. Kd2 gxf3 45. Rxf3 Kd4 46. Rf4+ Kc5 47. Kc3 Re3+ 48. Kd2 Rd3+ 49. Kc2 Rxg3 50. Rf5+ Kb4 51. Rxh5 Rg2+ 52. Kb1 Kb3 53. Rb5+ Kc3 54. Rc5 Rg1+ 55. Ka2 Rc1 56. Rh5 Rd1 57. Rc5 Rd4 58. Kb1 Rg4 59. Rc8 Rg2 60. Rc7 Rb2+ 61. Kc1 Rb8 62. Rh7 Rd8 63. Rc7 Rh8 64. Kb1 Rh4 65. Rc8 Rh1+ 66. Ka2 Rc1 67. Rh8 Rd1 68. Rc8 Kd3 69. Kb2 Rd2+ 70. Kc1 Re2 71. Kb1 Kc3 72. Rc7 Re1+ 1/2-1/2

[Event "Buenos Aires Szmetan/Giardelli-B"]
[Site "Buenos Aires"]
[Date "2019.12.11"]
[Round "11"]
[White "Sunye Neto, Jaime"]
[Black "Van Riemsdijk, Herman Claudius"]
[Result "1-0"]
[WhiteElo "2438"]
[BlackElo "2228"]
[PlyCount "77"]
[EventDate "2019.12.01"]
[EventType "tourn"]
[EventRounds "11"]
[EventCountry "ARG"]
[EventCategory "7"]
[SourceTitle "CBM 193 Extra"]
[Source "ChessBase"]
[SourceDate "2020.01.31"]
[SourceVersion "1"]
[SourceVersionDate "2020.01.31"]
[SourceQuality "1"]

1. Nf3 c5 2. c4 Nc6 3. d4 cxd4 4. Nxd4 Nf6 5. g3 e6 6. Bg2 Qb6 7. Nxc6 bxc6 8. 0-0 d5 9. Nc3 Be7 10. Be3 Qa6 11. cxd5 cxd5 12. Bd4 0-0 13. a3 Bb7 14. b4 Rfc8 15. Qd2 Nd7 16. Rfd1 Bf6 17. Bxf6 Nxf6 18. e3 Qc6 19. Rac1 Qe8 20. Rc2 Ba6 21. e4 dxe4 22. Nxe4 Nxe4 23. Bxe4 Rxc2 24. Qxc2 Rc8 25. Bc6 g6 26. Bxe8 Rxc2 27. b5 Bb7 28. Bxf7+ Kxf7 29. Rd7+ Kf6 30. Rxb7 Rc5 31. a4 a6 32. bxa6 Ra5 33. Rxh7 g5 34. a7 Rxa4 35. h3 Kf5 36. Rf7+ Kg6 37. Rc7 Kf5 38. Kf1 Ra2 39. Ke1 1-0

[Event "Buenos Aires Szmetan/Giardelli-B"]
[Site "Buenos Aires"]
[Date "2019.12.08"]
[Round "8"]
[White "Van Riemsdijk, Herman Claudius"]
[Black "Rodriguez Vila, Andres"]
[Result "1-0"]
[WhiteElo "2228"]
[BlackElo "2480"]
[PlyCount "107"]
[EventDate "2019.12.01"]
[EventType "tourn"]
[EventRounds "11"]
[EventCountry "ARG"]
[EventCategory "7"]
[SourceTitle "CBM 193 Extra"]
[Source "ChessBase"]
[SourceDate "2020.01.31"]
[SourceVersion "1"]
[SourceVersionDate "2020.01.31"]
[SourceQuality "1"]

1. e4 e6 2. d4 d5 3. Nc3 Bb4 4. e5 c5 5. a3 Bxc3+ 6. bxc3 Nc6 7. h4 Qa5 8. Bd2 Qa4 9. Qg4 Kf8 10. Nf3 Qxc2 11. dxc5 Nh6 12. Qf4 Bd7 13. Be2 Qe4 14. h5 Ng4 15. Rh4 Ngxe5 16. Qxe4 dxe4 17. Nxe5 Nxe5 18. Rxe4 f6 19. Bf4 Nf7 20. Rb4 e5 21. Be3 Bc6 22. Bf3 Bxf3 23. gxf3 Nd8 24. Rd1 Ke7 25. f4 a5 26. Rb2 exf4 27. Bxf4 Ra6 28. Rbd2 Re8 29. Kf1 Ne6 30. Rd7+ Kf8 31. Bd6+ Kg8 32. Re1 Raa8 33. Rxb7 Rac8 34. f4 f5 35. Kf2 g5 36. hxg6 hxg6 37. Ra7 a4 38. Re3 Ng7 39. Rxa4 Rxe3 40. Kxe3 Ne6 41. Ra7 g5 42. fxg5 f4+ 43. Kf3 Nxc5 44. Rc7 Rxc7 45. Bxc7 Kf7 46. Bxf4 Ke6 47. Kg4 Na4 48. c4 Nb6 49. c5 Nc8 50. c6 Ne7 51. c7 Kd7 52. Kh5 Nd5 53. Bh2 Kc8 54. g6 1-0

[Event "Buenos Aires Szmetan/Giardelli-B"]
[Site "Buenos Aires"]
[Date "2019.12.07"]
[Round "7"]
[White "Iermito, Sebastian"]
[Black "Van Riemsdijk, Herman Claudius"]
[Result "1-0"]
[WhiteElo "2521"]
[BlackElo "2228"]
[PlyCount "79"]
[EventDate "2019.12.01"]
[EventType "tourn"]
[EventRounds "11"]
[EventCountry "ARG"]
[EventCategory "7"]
[SourceTitle "CBM 193 Extra"]
[Source "ChessBase"]
[SourceDate "2020.01.31"]
[SourceVersion "1"]
[SourceVersionDate "2020.01.31"]
[SourceQuality "1"]

1. e4 e5 2. Nf3 Nc6 3. Bb5 a6 4. Ba4 Nf6 5. d3 b5 6. Bb3 Be7 7. a4 Bb7 8. 0-0 0-0 9. Nc3 d6 10. axb5 axb5 11. Rxa8 Bxa8 12. Nxb5 Na5 13. Ba2 c5 14. Na3 Nd7 15. c3 Nb6 16. b4 Nc6 17. bxc5 dxc5 18. Be3 Kh8 19. Nc4 Nxc4 20. Bxc4 Qc7 21. Bd5 f6 22. Qa4 Rb8 23. Nd2 h6 24. h4 Kh7 25. Ra1 Bb7 26. Rb1 Nd8 27. Qb5 Rc8 28. Ba2 Bc6 29. Qb3 Nb7 30. h5 Rf8 31. Qe6 Nd8 32. Qf5+ Kh8 33. Bxh6 gxh6 34. Qg6 Bd6 35. Nc4 Be8 36. Qxh6+ Qh7 37. Qxh7+ Kxh7 38. Nxd6 Bxh5 39. Rb8 Bg4 40. Nb7 1-0

[Event "Buenos Aires Szmetan/Giardelli-B"]
[Site "Buenos Aires"]
[Date "2019.12.06"]
[Round "6"]
[White "Van Riemsdijk, Herman Claudius"]
[Black "Valerga, Diego"]
[Result "1/2-1/2"]
[WhiteElo "2228"]
[BlackElo "2446"]
[PlyCount "34"]
[EventDate "2019.12.01"]
[EventType "tourn"]
[EventRounds "11"]
[EventCountry "ARG"]
[EventCategory "7"]
[SourceTitle "CBM 193 Extra"]
[Source "ChessBase"]
[SourceDate "2020.01.31"]
[SourceVersion "1"]
[SourceVersionDate "2020.01.31"]
[SourceQuality "1"]

1. e4 c5 2. Nf3 e6 3. d4 cxd4 4. Nxd4 Nf6 5. Nc3 d6 6. g4 h6 7. h4 Nc6 8. Rg1 d5 9. exd5 Nxd5 10. Nxd5 Qxd5 11. Bg2 Qe5+ 12. Be3 Bd7 13. Nxc6 Bxc6 14. Bxc6+ bxc6 15. Qd4 Qxd4 16. Bxd4 c5 17. Bc3 Rd8 1/2-1/2

[Event "Wch Seniors 65 29th"]
[Site "Bucharest"]
[Date "2019.11.15"]
[Round "4"]
[White "Hewson, Brian Wr"]
[Black "Van Riemsdijk, Herman Claudius"]
[Result "1/2-1/2"]
[WhiteElo "2060"]
[BlackElo "2228"]
[PlyCount "67"]
[EventDate "2019.11.12"]
[EventType "swiss"]
[EventRounds "11"]
[EventCountry "ROU"]
[SourceTitle "CBM 193 Extra"]
[Source "ChessBase"]
[SourceDate "2020.01.31"]
[SourceVersion "1"]
[SourceVersionDate "2020.01.31"]
[SourceQuality "1"]

1. d4 Nf6 2. c4 e6 3. Nf3 Bb4+ 4. Bd2 Qe7 5. a3 Bxd2+ 6. Nbxd2 d6 7. e4 e5 8. d5 a5 9. b4 0-0 10. Be2 g6 11. g3 Bg4 12. Ng1 Bxe2 13. Nxe2 Qd7 14. f3 Qh3 15. Kf2 axb4 16. axb4 Rxa1 17. Qxa1 Na6 18. Qc3 Nd7 19. Ng1 Qh6 20. h4 Nb6 21. Ke2 Ra8 22. Nh3 Qf8 23. Nf2 Nb8 24. Ra1 N8d7 25. Nd3 Qb8 26. c5 Na4 27. Qc2 b5 28. Nb3 Nf6 29. Kf2 Kg7 30. Kg2 Nd7 31. Rc1 Qf8 32. Qf2 Ra6 33. Qe3 h6 34. Rc2 1/2-1/2

[Event "Rio Grande op 19th"]
[Site "Rio Grande"]
[Date "2019.07.09"]
[Round "7"]
[White "Torres, Federico"]
[Black "Van Riemsdijk, Herman Claudius"]
[Result "1/2-1/2"]
[WhiteElo "2187"]
[BlackElo "2218"]
[PlyCount "52"]
[EventDate "2019.07.05"]
[EventType "swiss"]
[EventRounds "7"]
[EventCountry "ARG"]
[SourceTitle "EXT 2020"]
[Source "ChessBase"]
[SourceDate "2019.10.17"]
[SourceVersion "1"]
[SourceVersionDate "2019.10.17"]
[SourceQuality "1"]

1. e4 c6 2. d3 d5 3. Nd2 e5 4. Ngf3 Bd6 5. Qe2 Nf6 6. g3 0-0 7. Bg2 Re8 8. 0-0 Na6 9. h3 Nc5 10. Re1 a5 11. exd5 cxd5 12. Nb3 b6 13. Nxc5 bxc5 14. Bg5 h6 15. Bxf6 Qxf6 16. Nd2 e4 17. dxe4 Qxb2 18. Qd3 Ba6 19. Qxd5 Bf8 20. Nc4 Qc3 21. Nd6 Bxd6 22. Qxd6 Red8 23. Qc6 Rdc8 24. Qd6 Rd8 25. Qc6 Rdc8 26. Qd6 Rd8 1/2-1/2

[Event "Rio Grande op 19th"]
[Site "Rio Grande"]
[Date "2019.07.08"]
[Round "5"]
[White "Molina, Pablo Sebastian"]
[Black "Van Riemsdijk, Herman Claudius"]
[Result "0-1"]
[WhiteElo "2295"]
[BlackElo "2218"]
[PlyCount "98"]
[EventDate "2019.07.05"]
[EventType "swiss"]
[EventRounds "7"]
[EventCountry "ARG"]
[SourceTitle "EXT 2020"]
[Source "ChessBase"]
[SourceDate "2019.10.17"]
[SourceVersion "1"]
[SourceVersionDate "2019.10.17"]
[SourceQuality "1"]

1. d4 Nf6 2. c4 e6 3. Nc3 Bb4 4. e3 d5 5. Nge2 Nbd7 6. a3 Be7 7. cxd5 exd5 8. Ng3 g6 9. Qb3 c6 10. e4 dxe4 11. Bc4 0-0 12. Bh6 Nb6 13. Bxf8 Qxf8 14. 0-0 Nxc4 15. Qxc4 Be6 16. Qa4 e3 17. f3 Nd5 18. f4 f5 19. Nxd5 Bxd5 20. Rae1 b5 21. Qd1 c5 22. Rxe3 cxd4 23. Qxd4 Rd8 24. Rc1 Bc4 25. Qc3 Bc5 26. Kh1 Bxe3 27. Qxe3 Qd6 28. Re1 Qd4 29. Qe7 Bf7 30. Qg5 Re8 31. Rxe8+ Bxe8 32. h4 Qxb2 33. Qe7 Bf7 34. Qd6 h5 35. Kh2 Kg7 36. Qc5 a5 37. Nf1 b4 38. axb4 axb4 39. Ne3 Qc3 40. Qa7 b3 41. Nd1 Qd2 42. Qa1+ Kg8 43. Qa8+ Kh7 44. Qb7 Qxf4+ 45. g3 Qd2+ 46. Kh3 Kg7 47. Qf3 Bd5 48. Qc3+ Qxc3 49. Nxc3 b2 0-1

[Event "Rio Grande op 19th"]
[Site "Rio Grande"]
[Date "2019.07.07"]
[Round "4"]
[White "Van Riemsdijk, Herman Claudius"]
[Black "Mussanti, Diego"]
[Result "1-0"]
[WhiteElo "2218"]
[BlackElo "2327"]
[PlyCount "62"]
[EventDate "2019.07.05"]
[EventType "swiss"]
[EventRounds "7"]
[EventCountry "ARG"]
[SourceTitle "EXT 2020"]
[Source "ChessBase"]
[SourceDate "2019.10.17"]
[SourceVersion "1"]
[SourceVersionDate "2019.10.17"]
[SourceQuality "1"]

1. e4 c5 2. Nf3 e6 3. d4 cxd4 4. Nxd4 Nc6 5. Nc3 d6 6. g4 h6 7. Be2 Nf6 8. g5 hxg5 9. Bxg5 a6 10. h4 Qb6 11. Nb3 Qc7 12. Qd2 Bd7 13. 0-0-0 0-0-0 14. h5 Be7 15. Qf4 e5 16. Qe3 Be6 17. f4 exf4 18. Qxf4 Nh7 19. Bxe7 Qxe7 20. Rhg1 Nf6 21. Rg5 Rh7 22. Nd4 Ne5 23. Nf5 Bxf5 24. Rxf5 Rdh8 25. Qf2 Rd8 26. Qd4 Qc7 27. b3 Kb8 28. Rxe5 Rc8 29. Qxd6 Qxd6 30. Rxd6 Rxc3 31. Re7 Rc7 1-0